Çankaya Belediyesi (Record no. 5697)

MARC details
000 -BAŞLIK
Sabit Uzunlukta Kontrol Alanı 00666na a2200205 4500
001 - KONTROL NUMARASI
Denetim Alanı 18735
003 - KONTROL NUMARASI IDENTIFIER
Denetim Alanı MIRAKIL
005 - SON İŞLEM TARİHİ VE ZAMANI
Denetim Alanı 20181213155044.0
008 - SABİT-BOY VERİ ELEMANLARI - GENEL BİLGİLER
Sabit Uzunlukta Kontrol Alanı 161125b tu 000 0
040 ## - KATALOGLAMA KAYNAK
Orijinal Kataloglama Ajansı Milas
Kataloglama Dili tur
Metne Dönüştürmek Ajansı TR-AnCHP
041 ## - DİL KODU
Metin / Ses Parça Veya Ayrı Başlığın Dil Kodu tur
082 ## - DEWEY ONLU SINIFLANDIRMA NUMARASI
Sınıflandırma Numarası 352.0001
Ürün Numarası Ç25 [2015]
090 ## - SINIFLAMA NUMARASI
Sınıflama Numarası 352.0001 Ç25 [2015]
245 ## - BAŞLIK TABLOSU
Başlık Çankaya Belediyesi
Başlığın Kalan Yeni toplumcu belediye 2009-2014
Sorumluluk Tablosu, Vb Basın Yayın ve Hakla İlişkiler Müdürlüğü
246 ## - UNVAN FORM VARYING
Başlık Doğru / Kısa Başlığı Yeni toplumcu belediye 2009-2014
260 ## - YAYIN, DAĞITIM, VB
Yayın, Dağıtım, Vb Yeri Ankara
Yayıncı, Dağıtıcı, Vs Adı Basın Yayın ve Hakla İlişkiler Müdürlüğü
Yayın, Dağıtım, Vb Tarihi [2015]
300 ## - FİZİKSEL TANIM
Kapsam 125 s.
Diğer Fiziksel Ayrıntıları fotg.
Boyutlar 24 sm.
610 ## - KONU KATMA GİRİŞ - TOPLANTI ADI
Giriş Elemanı Olarak Kurumsal Ad Veya Yargı Alanı Adı Çankaya Belediyesi
Coğrafi Alt Bölüm Türkiye
942 ## - EKLENDİ GİRİŞ ELEMANLARI (KOHA)
Sınıflandırma Veya Raf Düzeni Kaynak Dewey Decimal Classification
Koha Öğesi Türü Books
999 ## - SİSTEM KONTROL NUMARALARI (KOHA)
Koha Biblionumber 5697
Koha Biblioitemnumber 5697
Holdings
Kalıcı Konum Mevcut Konum Edinme Tarihi Edinim Kaynak Toplam Check-Out'Lar Tam Çağrı Numarası Barkod Tarih Son Görülme İtibaren Geçerli Fiyatlar Koha Öğesi Türü
CHP Kütüphanesi CHP Kütüphanesi 11/25/2016 Bağış   352.0001 Ç25 [2015] 009707 11/25/2016 11/25/2016 Books